LIBRARY & INFORMATION CENTRE, KCAET, TAVANUR

ONLINE PUBLIC ACCESS CATALOGUE (OPAC)

Global warming in an unequal world: a case of environmental colonialism / (Record no. 13027)

MARC details
000 -LEADER
fixed length control field 00432cam a2200145ua 4500
041 ## - LANGUAGE CODE
Language code of text/sound track or separate title eng
100 ## - MAIN ENTRY--AUTHOR NAME
Personal name Agarwal, Anil .
245 ## - TITLE STATEMENT
Title Global warming in an unequal world: a case of environmental colonialism /
260 ## - PUBLICATION, DISTRIBUTION, ETC. (IMPRINT)
Place of publication New Delhi :
Name of publisher Centre for Science and Environment ,
Year of publication 2005.
300 ## - PHYSICAL DESCRIPTION
Number of Pages ;
Accompanying material `.
700 1# - ADDED ENTRY--PERSONAL NAME
Personal name Narain, Sunitha .
942 ## - ADDED ENTRY ELEMENTS (KOHA)
Koha item type Books
Holdings
Withdrawn status Lost status Damaged status Home library Current library Date acquired Accession Number Koha item type
      KAUAET KAUAET 07/04/2012 21104 Books
free website counter